000
00330nam a2200133 a 4500
005
20140414093847.0
008
100223s19uu xx uuu eng d
050
_a
CDB 005
_b
TEC 2008
245
_a
TechFactors :
_b
ICT and society.
250
_a
2nd edition
650
_a
Computer programming.
942
_c
AVM
999
_c
109636
_d
109636